000 01819nam0a2200433 4500
001 RU\NLR\bibl\1461887
005 20260406141620.0
010 _a978-5-94881-090-4
_91000
021 _aRU
_b2009-93562
_95922
035 _a(nilc)RSL-KNO-004417655
035 _aEL/0000287718
035 _a(NLR Aleph) 001453644
090 _a1538897
_c1538897
100 _a20090827d2010 |||y0rusy50 ca
101 0 _arus
102 _aRU
105 _aa |||||||||
200 1 _aСталин и НКВД
_fЛеонид Наумов
210 _aМосква
_cНовый хронограф
_d2010 [т.е. 2009]
215 _a601 с.
_cил., портр., факс.
_d21
300 _aНа 4-й с. обл. авт.: Наумов Л.А., к.ист.н., Засл. учитель РФ
300 _aФактическая дата выхода в свет : 2009
320 _aБиблиогр.: с. 575-579
320 _aУказ. имен: с. 580-599
601 0 1 _aСССР
_bНародный комиссариат внутренних дел
_xУчастие в политических репрессиях
_92328935
_3RU\NLR\auth\661392813
686 _aТ3(2)715-3,02
_2rubbk
686 _aХ621.162.01,0
_2rubbk
686 _aЦ.д(2)Сталин И.В.
_2rubbk
686 _aЦ68,6(2)-1
_2rubbk
686 _aТ3(2)7-313
686 _aХ612.162.012-1
700 1 _4070
_8rus
_7ca
_aНаумов
_bЛ. А.
_cканд. ист. наук, литератор
_f1961-
_gЛеонид Анатольевич
_3RU\NLR\auth\7783554
_966482
702 1 _4570
_8rus
_7ca
_aСталин
_bИ. В.
_f1879-1953
_gИосиф Виссарионович
_3RU\NLR\auth\773464
_9113460
801 0 _aRU
_bРГБ
_c20090827
_grcr
801 1 _aRU
_bРГБ
_c20090827
801 2 _aRU
_bNLR
_c20091116
_grcr
942 _cBOOK
980 _aNB